[Event "Berlin Lichtenrade op 15th"]
[Site "Berlin"]
[Date "2019.10.19"]
[Round "8"]
[White "Pixa, Richard"]
[Black "Katzir, Moshe"]
[Result "0-1"]
[WhiteElo "2075"]
[BlackElo "2125"]
[PlyCount "89"]
[EventDate "2019.10.12"]
[EventType "swiss"]
[EventRounds "9"]
[EventCountry "GER"]
[SourceTitle "CBM 192 Extra"]
[Source "Chessbase"]
[SourceDate "2019.11.06"]
[SourceVersion "1"]
[SourceVersionDate "2019.11.06"]
[SourceQuality "1"]

1. d4 d5 2. c4 e6 3. Nc3 c6 4. e4 dxe4 5. Nxe4 c5 6. Nxc5 Bxc5 7. dxc5 Qxd1+ 8. Kxd1 Nf6 9. g3 Na6 10. c6 bxc6 11. Bg2 0-0 12. Bxc6 Rb8 13. Ke2 Nb4 14. Ba4 Ba6 15. b3 Nc2 16. Rb1 Bxc4+ 17. Kd2 Bd5 18. f3 Nd4 19. Bb2 e5 20. Ba3 Rfc8 21. Bd6 Rc2+ 22. Kd3 Rbc8 23. Bxe5 Nxf3 24. Nxf3 Bxf3 25. Rhe1 Rxh2 26. Rbc1 Rd8+ 27. Ke3 Bg4 28. Bc6 Rxa2 29. Bd4 h6 30. Ra1 Rc2 31. Rac1 Rh2 32. b4 Bh5 33. Rc5 Ng4+ 34. Kd3 Bg6+ 35. Kc4 Rc2+ 36. Bc3 Rd3 37. Kb3 Rxg3 38. Re8+ Kh7 39. b5 Nf6 40. Re7 Rc1 41. Rc4 Bd3 42. Rc5 Bxb5 43. Rxf7 Bxc6 44. Rxc6 Nd5 45. Kc4 0-1

[Event "Berlin Lichtenrade op 15th"]
[Site "Berlin"]
[Date "2019.10.15"]
[Round "4"]
[White "Pixa, Richard"]
[Black "Polatel, Ali"]
[Result "1/2-1/2"]
[WhiteElo "2075"]
[BlackElo "2235"]
[PlyCount "48"]
[EventDate "2019.10.12"]
[EventType "swiss"]
[EventRounds "9"]
[EventCountry "GER"]
[SourceTitle "CBM 192 Extra"]
[Source "Chessbase"]
[SourceDate "2019.11.06"]
[SourceVersion "1"]
[SourceVersionDate "2019.11.06"]
[SourceQuality "1"]

1. d4 d5 2. c4 c6 3. cxd5 cxd5 4. Nc3 Nf6 5. Nf3 Nc6 6. Bf4 Bf5 7. e3 e6 8. Qb3 Qb6 9. Qxb6 axb6 10. Bb5 Nd7 11. 0-0 Be7 12. Ne5 Ndxe5 13. Bxe5 f6 14. Bc7 Bd8 15. Bxd8 Kxd8 16. Rac1 Na7 17. Be2 Nc8 18. a3 Nd6 19. Nb5 Nxb5 20. Bxb5 Rc8 21. Rxc8+ Kxc8 22. Rc1+ Kd8 23. Kf1 Rf8 24. Ke2 Bg4+ 1/2-1/2

[Event "Hofheim Spring op-A 5th"]
[Site "Hofheim"]
[Date "2017.04.10"]
[Round "6"]
[White "Wiley, Tom E"]
[Black "Pixa, Richard"]
[Result "1-0"]
[WhiteElo "2156"]
[BlackElo "2092"]
[PlyCount "45"]
[EventDate "2017.04.07"]
[EventType "swiss"]
[EventRounds "9"]
[EventCountry "GER"]
[SourceTitle "CBM 177 Extra"]
[Source "ChessBase"]
[SourceDate "2017.04.27"]
[SourceVersion "1"]
[SourceVersionDate "2017.04.27"]
[SourceQuality "1"]

1. d4 d5 2. Bf4 e6 3. Nf3 c5 4. e3 Nc6 5. c3 Nf6 6. Nbd2 Be7 7. Ne5 0-0 8. Bd3 Qb6 9. Rb1 h6 10. h4 cxd4 11. exd4 Nd7 12. Qg4 f5 13. Qg6 Bf6 14. Ndf3 Qc7 15. Nxd7 Qxd7 16. Bxh6 e5 17. dxe5 Nxe5 18. Nxe5 Bxe5 19. Bg5 Qa4 20. 0-0 Qg4 21. Rfe1 Bd7 22. Be2 Qa4 23. Bf3 1-0

[Event "GER-chT U20"]
[Site "Borken"]
[Date "2016.12.28"]
[Round "4.1"]
[White "Kololli, Kevin"]
[Black "Pixa, Richard"]
[Result "1-0"]
[WhiteElo "2149"]
[BlackElo "2045"]
[PlyCount "79"]
[EventDate "2016.12.27"]
[EventType "team-swiss"]
[EventRounds "7"]
[EventCountry "GER"]
[SourceTitle "EXT 2018"]
[Source "ChessBase"]
[SourceDate "2017.10.13"]
[SourceVersion "1"]
[SourceVersionDate "2017.10.13"]
[SourceQuality "1"]
[WhiteTeam "Luebeck"]
[BlackTeam "Berlin Mattnetz"]
[WhiteTeamCountry "GER"]
[BlackTeamCountry "GER"]

1. Nf3 d5 2. g3 Nf6 3. Bg2 c6 4. 0-0 Nbd7 5. d3 e5 6. Nbd2 Bd6 7. e4 0-0 8. Re1 Re8 9. exd5 cxd5 10. c3 Qc7 11. Nf1 Bf8 12. Qc2 b5 13. d4 e4 14. Bf4 Qb6 15. Ne5 Nh5 16. Nxd7 Bxd7 17. f3 Nxf4 18. gxf4 f5 19. Ne3 Qc6 20. Qb3 Be6 21. Bh3 g6 22. fxe4 fxe4 23. Bxe6+ Qxe6 24. Qxd5 Bh6 25. Rf1 Rab8 26. Rae1 Rb6 27. Qxe6+ Rbxe6 28. Ng4 Kg7 29. Ne5 Rf6 30. Rxe4 Ref8 31. Nd3 R8f7 32. h4 g5 33. hxg5 Bxg5 34. Re5 Bxf4 35. Nxf4 Rxf4 36. Rxf4 Rxf4 37. Re7+ Kg6 38. Rxa7 h5 39. Ra5 Rf5 40. a4 1-0

[Event "GER-chT U20"]
[Site "Borken"]
[Date "2016.12.27"]
[Round "1.1"]
[White "Pixa, Richard"]
[Black "Fluechter, Gregor"]
[Result "1/2-1/2"]
[WhiteElo "2045"]
[BlackElo "2138"]
[PlyCount "42"]
[EventDate "2016.12.27"]
[EventType "team-swiss"]
[EventRounds "7"]
[EventCountry "GER"]
[SourceTitle "EXT 2018"]
[Source "ChessBase"]
[SourceDate "2017.10.13"]
[SourceVersion "1"]
[SourceVersionDate "2017.10.13"]
[SourceQuality "1"]
[WhiteTeam "Berlin Mattnetz"]
[BlackTeam "Brackel"]
[WhiteTeamCountry "GER"]
[BlackTeamCountry "GER"]

1. e4 c5 2. Nf3 Nc6 3. d4 cxd4 4. Nxd4 e5 5. Nb5 a6 6. Nd6+ Bxd6 7. Qxd6 Qe7 8. Qxe7+ Ngxe7 9. Nc3 d5 10. exd5 Nb4 11. Bd3 Nxd3+ 12. cxd3 Bf5 13. Ke2 Rd8 14. Be3 Nxd5 15. Nxd5 Rxd5 16. Rhd1 0-0 17. d4 Re8 18. dxe5 Rdxe5 19. Rd4 Be4 20. Kf1 Bc6 21. Rad1 f6 1/2-1/2

[Event "Berlin Lichtenrade op 10th"]
[Site "Berlin"]
[Date "2014.10.24"]
[Round "7"]
[White "Pixa, Richard"]
[Black "Parligras, Cosmin"]
[Result "0-1"]
[WhiteElo "1976"]
[BlackElo "2261"]
[PlyCount "120"]
[EventDate "2014.10.18"]
[EventType "swiss"]
[EventRounds "9"]
[EventCountry "GER"]
[SourceTitle "EXT 2015"]
[Source "ChessBase"]
[SourceDate "2014.11.20"]
[SourceVersion "1"]
[SourceVersionDate "2014.11.20"]
[SourceQuality "1"]

1. d4 Nf6 2. c4 b6 3. Nc3 Bb7 4. Nf3 e6 5. Bg5 Be7 6. Qc2 d5 7. e3 0-0 8. Bd3 Nbd7 9. 0-0 h6 10. Bh4 c5 11. Rfd1 cxd4 12. exd4 dxc4 13. Bxc4 Bxf3 14. gxf3 Nd5 15. Bxd5 exd5 16. Bxe7 Qxe7 17. Qf5 Nf6 18. Nxd5 Nxd5 19. Qxd5 Rad8 20. Qe5 Qe6 21. Re1 Qc4 22. Rad1 Rd5 23. b3 Qc6 24. Qe4 Rfd8 25. Rc1 Qf6 26. Red1 Rxd4 27. Rxd4 Qg5+ 28. Qg4 Qxc1+ 29. Kg2 Re8 30. Re4 Qc6 31. Rc4 Qb7 32. Qf4 Re6 33. Rc7 Rg6+ 34. Kf1 Qd5 35. Rc8+ Kh7 36. Re8 Qd3+ 37. Re2 Re6 38. Qd2 Qxf3 39. Rxe6 Qh3+ 40. Kg1 Qxe6 41. Qd4 h5 42. Qd8 Qg4+ 43. Kf1 f6 44. Qd3+ Kh6 45. Qe3+ Kg6 46. f3 Qf5 47. Qf2 Qc5 48. Qe2 Qe5 49. Qd2 h4 50. Qc2+ Qf5 51. Qe2 h3 52. Kf2 Qf4 53. Kf1 Kg5 54. Kg1 Qd4+ 55. Kf1 Kf4 56. Qc2 Qe3 57. Qc4+ Kxf3 58. Qd5+ Kf4 59. Qd6+ Kg5 60. Qd5+ Qe5 0-1

[Event "GER-ch U18"]
[Site "Magdeburg"]
[Date "2014.06.14"]
[Round "9"]
[White "Noe, Christopher"]
[Black "Pixa, Richard"]
[Result "1-0"]
[WhiteElo "2378"]
[BlackElo "2081"]
[PlyCount "61"]
[EventDate "2014.06.08"]
[EventType "swiss"]
[EventRounds "9"]
[EventCountry "GER"]
[SourceTitle "CBM 160 Extra"]
[Source "ChessBase"]
[SourceDate "2014.07.01"]
[SourceVersion "1"]
[SourceVersionDate "2014.07.01"]
[SourceQuality "1"]

1. c4 e6 2. Nf3 d5 3. e3 Nf6 4. b3 Be7 5. Bb2 0-0 6. Be2 c5 7. 0-0 Nc6 8. cxd5 exd5 9. d4 Bg4 10. Nbd2 Qb6 11. dxc5 Bxc5 12. Bxf6 gxf6 13. Nh4 Be6 14. Bd3 Ne5 15. Bf5 Kh8 16. Qh5 Bxf5 17. Nxf5 Rg8 18. Nf3 Qe6 19. Rfd1 Rg6 20. Rac1 Bb6 21. N5d4 Qe7 22. Nf5 Qe6 23. N3d4 Qd7 24. Ng3 Rag8 25. Qf5 Qe7 26. Rc8 Ng4 27. Rxg8+ Rxg8 28. Qxd5 Nxe3 29. fxe3 Qxe3+ 30. Kh1 Rd8 31. Ndf5 1-0

[Event "GER-ch U18"]
[Site "Magdeburg"]
[Date "2014.06.08"]
[Round "1"]
[White "Pixa, Richard"]
[Black "Moehn, Hans"]
[Result "0-1"]
[WhiteElo "2081"]
[BlackElo "2224"]
[PlyCount "62"]
[EventDate "2014.06.08"]
[EventType "swiss"]
[EventRounds "9"]
[EventCountry "GER"]
[SourceTitle "CBM 160 Extra"]
[Source "ChessBase"]
[SourceDate "2014.07.01"]
[SourceVersion "1"]
[SourceVersionDate "2014.07.01"]
[SourceQuality "1"]

1. d4 Nf6 2. Nf3 e6 3. e3 c5 4. Bd3 Be7 5. 0-0 Nc6 6. c3 b6 7. e4 d5 8. e5 Nd7 9. Re1 a5 10. a3 Ndb8 11. Nbd2 Ba6 12. Bc2 g5 13. Nf1 g4 14. N3d2 h5 15. Nb1 Nd7 16. Be3 Qc7 17. Nbd2 0-0-0 18. f3 f6 19. exf6 Bxf6 20. fxg4 hxg4 21. Qxg4 e5 22. b4 Rdg8 23. Qf3 e4 24. Qf2 cxd4 25. cxd4 Kb7 26. bxa5 bxa5 27. Rab1+ Ka8 28. g3 Rf8 29. Qg2 Nxd4 30. Bxe4 dxe4 31. Qxe4+ Bb7 0-1

[Event "GER-chT Lands U20"]
[Site "Hannover"]
[Date "2013.10.06"]
[Round "7.1"]
[White "Pixa, Richard"]
[Black "Powierski, Emil"]
[Result "1/2-1/2"]
[WhiteElo "1993"]
[BlackElo "2244"]
[PlyCount "93"]
[EventDate "2013.10.02"]
[EventType "team-swiss"]
[EventRounds "7"]
[EventCountry "GER"]
[SourceTitle "EXT 2014"]
[Source "ChessBase"]
[SourceDate "2013.11.20"]
[SourceVersion "1"]
[SourceVersionDate "2013.11.20"]
[SourceQuality "1"]
[WhiteTeam "Berlin"]
[BlackTeam "Schleswig Holstein"]
[WhiteTeamCountry "GER"]
[BlackTeamCountry "GER"]

1. d4 Nf6 2. c4 e6 3. Nc3 Bb4 4. Qc2 0-0 5. e4 d5 6. e5 Ne4 7. Bd3 c5 8. Nge2 cxd4 9. Nxd4 Nd7 10. Bf4 Qh4 11. g3 Qh5 12. Be2 Qg6 13. a3 Nxc3 14. Bd3 Nb5+ 15. axb4 Nxd4 16. Bxg6 Nxc2+ 17. Bxc2 dxc4 18. Ke2 Nb6 19. Be3 Bd7 20. Be4 Nd5 21. Bxa7 c3 22. Bd4 Bb5+ 23. Kf3 cxb2 24. Bxb2 Bc6 25. b5 Bxb5 26. Bxd5 exd5 27. Rxa8 Rxa8 28. Ra1 Rd8 29. Ke3 Kf8 30. Ra5 Bc6 31. Ba3+ Ke8 32. Kd4 Kd7 33. f4 f6 34. Bd6 Ke6 35. Ra3 Kf5 36. h3 h5 37. Ke3 g5 38. Be7 gxf4+ 39. gxf4 d4+ 40. Kd2 Rg8 41. exf6 Ke6 42. Rd3 Rg2+ 43. Ke1 Rh2 44. f5+ Kf7 45. Rg3 Rg2 46. Rd3 Rh2 47. Rg3 1/2-1/2

[Event "GER-chT Lands U20"]
[Site "Hannover"]
[Date "2013.10.04"]
[Round "5.1"]
[White "Zimmermann, Ulrich"]
[Black "Pixa, Richard"]
[Result "0-1"]
[WhiteElo "2276"]
[BlackElo "1993"]
[PlyCount "88"]
[EventDate "2013.10.02"]
[EventType "team-swiss"]
[EventRounds "7"]
[EventCountry "GER"]
[SourceTitle "EXT 2014"]
[Source "ChessBase"]
[SourceDate "2013.11.20"]
[SourceVersion "1"]
[SourceVersionDate "2013.11.20"]
[SourceQuality "1"]
[WhiteTeam "Wuerttemberg"]
[BlackTeam "Berlin"]
[WhiteTeamCountry "GER"]
[BlackTeamCountry "GER"]

1. d4 d5 2. c4 e6 3. Nc3 c6 4. Nf3 dxc4 5. e3 b5 6. a4 Bb4 7. Bd2 a5 8. axb5 Bxc3 9. Bxc3 cxb5 10. b3 Bb7 11. d5 Nf6 12. bxc4 b4 13. Bxf6 Qxf6 14. Qa4+ Nd7 15. Nd4 Ke7 16. d6+ Kxd6 17. Rd1 Ke7 18. Nf5+ exf5 19. Qxd7+ Kf8 20. Be2 Bc6 21. Qc7 g6 22. Rd6 Qa1+ 23. Rd1 Qc3+ 24. Kf1 Ba4 25. Re1 Kg7 26. h4 Rhc8 27. Qf4 b3 28. f3 Re8 29. Kf2 b2 30. h5 Qe5 31. h6+ Kf8 32. Qxe5 Rxe5 33. Bd3 Rb8 34. e4 fxe4 35. fxe4 Bb3 36. Ke3 Rg5 37. Rh2 a4 38. Kf4 Ra5 39. g4 Ba2 40. Rhh1 Rc5 41. Ke3 Bxc4 42. Bb1 Be6 43. Kd4 Rbc8 44. Bd3 Rc1 0-1

[Event "GER-chT Lands U20"]
[Site "Hannover"]
[Date "2013.10.03"]
[Round "2.1"]
[White "Pixa, Richard"]
[Black "Braeuer, Franz"]
[Result "0-1"]
[WhiteElo "1993"]
[BlackElo "2281"]
[PlyCount "86"]
[EventDate "2013.10.02"]
[EventType "team-swiss"]
[EventRounds "7"]
[EventCountry "GER"]
[SourceTitle "EXT 2014"]
[Source "ChessBase"]
[SourceDate "2013.11.20"]
[SourceVersion "1"]
[SourceVersionDate "2013.11.20"]
[SourceQuality "1"]
[WhiteTeam "Berlin"]
[BlackTeam "Thueringen"]
[WhiteTeamCountry "GER"]
[BlackTeamCountry "GER"]

1. d4 Nf6 2. c4 g6 3. Nc3 Bg7 4. e4 d6 5. f3 0-0 6. Be3 Nbd7 7. Nge2 c5 8. d5 Ne5 9. Ng3 e6 10. Be2 exd5 11. cxd5 a6 12. a4 h5 13. 0-0 Nh7 14. Qd2 h4 15. Nh1 f5 16. Nf2 Re8 17. Rae1 Bd7 18. f4 Nf7 19. Bd3 Rc8 20. exf5 gxf5 21. Nh3 Nh6 22. Ng5 Ng4 23. Kh1 c4 24. Bb1 Nxe3 25. Rxe3 Rxe3 26. Qxe3 Qf6 27. Qh3 Nxg5 28. fxg5 Qxg5 29. Bxf5 Bxf5 30. Qxf5 Qxf5 31. Rxf5 Re8 32. Kg1 Re1+ 33. Kf2 Rc1 34. Rf4 Rc2+ 35. Ne2 Bxb2 36. Rxh4 b5 37. axb5 axb5 38. Ke3 Be5 39. Rg4+ Kf7 40. h4 b4 41. h5 b3 42. Rh4 b2 43. Rh1 c3 0-1

[Event "GER-chT North U16"]
[Site "Greifswald"]
[Date "2013.09.14"]
[Round "6.1"]
[White "Pixa, Richard"]
[Black "Knopf, Felix"]
[Result "0-1"]
[WhiteElo "1993"]
[BlackElo "1968"]
[PlyCount "52"]
[EventDate "2013.09.12"]
[EventType "team-swiss"]
[EventRounds "7"]
[EventCountry "GER"]
[SourceTitle "EXT 2014"]
[Source "ChessBase"]
[SourceDate "2013.11.20"]
[SourceVersion "1"]
[SourceVersionDate "2013.11.20"]
[SourceQuality "1"]
[WhiteTeam "Treptow"]
[BlackTeam "Merseburg"]
[WhiteTeamCountry "GER"]
[BlackTeamCountry "GER"]

1. d4 d5 2. c4 c6 3. Nc3 Nf6 4. Bg5 e6 5. cxd5 exd5 6. e3 Be7 7. Bd3 0-0 8. Qc2 Nbd7 9. Nge2 Re8 10. h3 Nf8 11. g4 Be6 12. Ng3 h6 13. Bxf6 Bxf6 14. 0-0-0 b5 15. Nf5 Rb8 16. Ne2 b4 17. Qd2 Qa5 18. Kb1 c5 19. dxc5 Bc3 20. Qc2 d4 21. Nfxd4 Qxa2+ 22. Kc1 Qa1+ 23. Qb1 Bxb2+ 24. Kd2 Bc3+ 25. Kc1 Qa3+ 26. Kc2 Ba2 0-1

[Event "GER-ch U25 op-A"]
[Site "Oberhof"]
[Date "2013.05.24"]
[Round "8"]
[White "Reimers, Juri"]
[Black "Pixa, Richard"]
[Result "0-1"]
[WhiteElo "1751"]
[BlackElo "1920"]
[PlyCount "74"]
[EventDate "2013.05.19"]
[EventType "swiss"]
[EventRounds "9"]
[EventCountry "GER"]
[SourceTitle "CBM 154 Extra"]
[Source "ChessBase"]
[SourceDate "2013.06.25"]
[SourceVersion "2"]
[SourceVersionDate "2013.06.25"]
[SourceQuality "1"]

1. c4 c5 2. g3 Nc6 3. Nc3 g6 4. Bg2 Bg7 5. a3 Nf6 6. Rb1 a5 7. Nf3 d5 8. cxd5 Nxd5 9. 0-0 0-0 10. d4 Bf5 11. Ra1 cxd4 12. Nxd4 Nxc3 13. bxc3 Nxd4 14. cxd4 Qxd4 15. Qxd4 Bxd4 16. Bh6 Bxa1 17. Rxa1 Rfd8 18. Bxb7 Rab8 19. Bf3 a4 20. Bc6 Bc2 21. Be3 Rb2 22. Rc1 Rd1+ 23. Kg2 Rxc1 24. Bxc1 Ra2 25. Bd5 Bb3 26. Bf3 e5 27. h4 f5 28. e4 Kf7 29. h5 Ke6 30. exf5+ gxf5 31. Bb7 Bd5+ 32. Bxd5+ Kxd5 33. Kf3 Kc4 34. g4 fxg4+ 35. Kxg4 Rxf2 36. Be3 Rf7 37. Kg5 Kd3 0-1

[Event "GER-ch U25 op-A"]
[Site "Oberhof"]
[Date "2013.05.20"]
[Round "3"]
[White "Erofeev, Anastasia"]
[Black "Pixa, Richard"]
[Result "0-1"]
[WhiteElo "1813"]
[BlackElo "1920"]
[PlyCount "66"]
[EventDate "2013.05.19"]
[EventType "swiss"]
[EventRounds "9"]
[EventCountry "GER"]
[SourceTitle "CBM 154 Extra"]
[Source "ChessBase"]
[SourceDate "2013.06.25"]
[SourceVersion "2"]
[SourceVersionDate "2013.06.25"]
[SourceQuality "1"]

1. e4 e6 2. d4 d5 3. e5 c5 4. c3 Nc6 5. Nf3 Qb6 6. a3 c4 7. Nbd2 f6 8. Be2 fxe5 9. Nxe5 Nxe5 10. dxe5 Bc5 11. 0-0 Ne7 12. Bh5+ g6 13. Bg4 0-0 14. Nf3 Nf5 15. Qe2 Bd7 16. Bg5 d4 17. Bxf5 Rxf5 18. cxd4 Bxd4 19. Rfd1 Bc6 20. Nxd4 Rxg5 21. Nxc6 Qxc6 22. f4 Rf5 23. Qe3 Raf8 24. Rd4 Qb6 25. Rf1 g5 26. g3 gxf4 27. gxf4 Kh8 28. Rf2 Rg8+ 29. Rg2 Rf7 30. Rg3 Rd7 31. Rxg8+ Kxg8 32. Re4 Qxb2 33. Qg3+ Rg7 0-1

[Event "GER-ch U25 op-A"]
[Site "Oberhof"]
[Date "2013.05.19"]
[Round "1"]
[White "Nitzsche, Pia"]
[Black "Pixa, Richard"]
[Result "0-1"]
[WhiteElo "1662"]
[BlackElo "1920"]
[PlyCount "94"]
[EventDate "2013.05.19"]
[EventType "swiss"]
[EventRounds "9"]
[EventCountry "GER"]
[SourceTitle "CBM 154 Extra"]
[Source "ChessBase"]
[SourceDate "2013.06.25"]
[SourceVersion "2"]
[SourceVersionDate "2013.06.25"]
[SourceQuality "1"]

1. c4 e6 2. Nc3 d5 3. cxd5 exd5 4. d4 c6 5. Nf3 Nf6 6. Bf4 Bd6 7. Bxd6 Qxd6 8. a3 a5 9. e3 Bf5 10. Bd3 Bxd3 11. Qxd3 0-0 12. 0-0 Re8 13. Qc2 Nbd7 14. Ne2 Ne4 15. Nf4 Nb6 16. Nd3 Qe7 17. Nd2 Nxd2 18. Qxd2 Nc4 19. Qc3 a4 20. Rfe1 b5 21. Rab1 Qd6 22. Nc5 Qg6 23. Rbc1 Ra7 24. Rc2 Rae7 25. Rce2 h5 26. Nd3 h4 27. h3 Qf5 28. Qc2 Qf6 29. Nf4 g5 30. Nd3 Kh8 31. Kh1 Qg6 32. Rg1 f5 33. Ne1 Qf6 34. Nf3 g4 35. Nh2 g3 36. Nf1 f4 37. Nd2 fxe3 38. fxe3 Rxe3 39. Rxe3 Nxe3 40. Qc1 Nc4 41. Rf1 Qg5 42. Nf3 Qxc1 43. Rxc1 Re4 44. Rc2 Kg7 45. Kg1 Kf6 46. Kf1 Ne3+ 47. Ke2 Nxc2+ 0-1

[Event "Berlin Lichtenrade op 08th"]
[Site "Berlin"]
[Date "2012.10.01"]
[Round "3"]
[White "Bruedigam, Martin"]
[Black "Pixa, Richard"]
[Result "1-0"]
[WhiteElo "2291"]
[BlackElo "1870"]
[PlyCount "33"]
[EventDate "2012.09.29"]
[EventType "swiss"]
[EventRounds "9"]
[EventCountry "GER"]
[SourceTitle "CBM 150 Extra"]
[Source "ChessBase"]
[SourceDate "2012.10.19"]
[SourceVersion "1"]
[SourceVersionDate "2012.10.19"]
[SourceQuality "1"]

1. c4 e6 2. Nf3 d5 3. e3 Nf6 4. Nc3 c6 5. b3 Nbd7 6. Bb2 Bd6 7. d4 0-0 8. Bd3 e5 9. cxd5 cxd5 10. dxe5 Nxe5 11. Be2 Bg4 12. Nxe5 Bxe2 13. Nxe2 Qa5+ 14. Bc3 Qc7 15. Nf3 Ne4 16. Qd4 Nxc3 17. Qxc3 1-0

[Event "Berlin Lichtenrade op 08th"]
[Site "Berlin"]
[Date "2012.09.30"]
[Round "2"]
[White "Pixa, Richard"]
[Black "Reichenbach, Werner"]
[Result "1-0"]
[WhiteElo "1870"]
[BlackElo "2280"]
[PlyCount "57"]
[EventDate "2012.09.29"]
[EventType "swiss"]
[EventRounds "9"]
[EventCountry "GER"]
[SourceTitle "CBM 150 Extra"]
[Source "ChessBase"]
[SourceDate "2012.10.19"]
[SourceVersion "1"]
[SourceVersionDate "2012.10.19"]
[SourceQuality "1"]

1. d4 Nf6 2. c4 e6 3. Nc3 Bb4 4. Qc2 0-0 5. e4 d5 6. e5 Ne4 7. Bd3 c5 8. Nge2 cxd4 9. Nxd4 f6 10. Bxe4 dxe4 11. Qxe4 Bxc3+ 12. bxc3 Qa5 13. 0-0 fxe5 14. Nf3 Nd7 15. Bg5 Qc7 16. Rad1 Re8 17. Rfe1 Nc5 18. Qxe5 Qxe5 19. Nxe5 b6 20. Be7 Na4 21. Re3 Ba6 22. Rd7 Nc5 23. Bxc5 bxc5 24. Rg3 g6 25. Rh3 Rad8 26. Rhxh7 Rxd7 27. Rxd7 Rb8 28. h4 Rb1+ 29. Kh2 1-0

[Event "GER-chT North U16"]
[Site "Berlin"]
[Date "2012.09.08"]
[Round "5.1"]
[White "Carmesin, Matthias"]
[Black "Pixa, Richard"]
[Result "1-0"]
[WhiteElo "2011"]
[BlackElo "1868"]
[PlyCount "75"]
[EventDate "2012.09.06"]
[EventType "team-swiss"]
[EventRounds "7"]
[EventCountry "GER"]
[SourceTitle "EXT 2015"]
[Source "ChessBase"]
[SourceDate "2014.11.20"]
[SourceVersion "1"]
[SourceVersionDate "2014.11.20"]
[SourceQuality "1"]
[WhiteTeam "Stade"]
[BlackTeam "Treptow"]
[WhiteTeamCountry "GER"]
[BlackTeamCountry "GER"]

1. Nf3 d5 2. g3 g6 3. Bg2 Bg7 4. d4 Nh6 5. h4 c6 6. c3 Nd7 7. h5 Nf6 8. hxg6 hxg6 9. Nbd2 Nhg4 10. Rxh8+ Bxh8 11. Ng5 e5 12. dxe5 Nxf2 13. Qa4 N6e4 14. Ndxe4 Nxe4 15. Nxe4 dxe4 16. Bf4 Bf5 17. Bxe4 Bxe4 18. Qxe4 Qd5 19. Qxd5 cxd5 20. Rd1 0-0-0 21. Kf2 Rd7 22. Kf3 g5 23. Bxg5 Bxe5 24. g4 d4 25. cxd4 Rxd4 26. Rxd4 Bxd4 27. b3 a6 28. Ke4 Bc3 29. Kf5 Kd7 30. Bf6 Bb4 31. e4 Ba3 32. e5 Bc5 33. g5 b5 34. e6+ fxe6+ 35. Kg6 a5 36. Kf7 Be3 37. g6 Bh6 38. Bg5 1-0

[Event "GER-chT North U16"]
[Site "Berlin"]
[Date "2012.09.07"]
[Round "3.1"]
[White "Niggl, Michael"]
[Black "Pixa, Richard"]
[Result "0-1"]
[WhiteElo "1331"]
[BlackElo "1868"]
[PlyCount "60"]
[EventDate "2012.09.06"]
[EventType "team-swiss"]
[EventRounds "7"]
[EventCountry "GER"]
[SourceTitle "EXT 2015"]
[Source "ChessBase"]
[SourceDate "2014.11.20"]
[SourceVersion "1"]
[SourceVersionDate "2014.11.20"]
[SourceQuality "1"]
[WhiteTeam "Halle USV"]
[BlackTeam "Treptow"]
[WhiteTeamCountry "GER"]
[BlackTeamCountry "GER"]

1. c4 e6 2. e4 c6 3. Nc3 d5 4. cxd5 exd5 5. exd5 cxd5 6. d4 Nc6 7. Bb5 a6 8. Ba4 Nf6 9. Bg5 Bb4 10. Rc1 0-0 11. Nge2 h6 12. Bh4 Bxc3+ 13. Rxc3 g5 14. Bg3 Ne4 15. Rc1 Qa5+ 16. Nc3 Nxc3 17. Rxc3 Re8+ 18. Be5 b5 19. 0-0 Nxe5 20. dxe5 Qxa4 21. Qxd5 Be6 22. Qf3 Qf4 23. Qxf4 gxf4 24. Rf3 Bd5 25. Rxf4 Rxe5 26. Rd1 Rae8 27. h3 Re1+ 28. Rxe1 Rxe1+ 29. Kh2 Bxa2 30. Rf6 Re6 0-1

[Event "GER-ch U16"]
[Site "Oberhof"]
[Date "2012.06.01"]
[Round "8"]
[White "Pixa, Richard"]
[Black "Koop, Thorben"]
[Result "1/2-1/2"]
[WhiteElo "1982"]
[BlackElo "2103"]
[PlyCount "108"]
[EventDate "2012.05.27"]
[EventType "swiss"]
[EventRounds "9"]
[EventCountry "GER"]
[SourceTitle "CBM 148 Extra"]
[Source "ChessBase"]
[SourceDate "2012.06.22"]
[SourceVersion "1"]
[SourceVersionDate "2012.06.22"]
[SourceQuality "1"]

1. d4 Nf6 2. c4 g6 3. f3 Bg7 4. e4 0-0 5. Nc3 c6 6. Be3 d5 7. e5 Nfd7 8. cxd5 cxd5 9. Qd2 Nb6 10. Bd3 Nc6 11. Nge2 Nb4 12. g4 f6 13. exf6 exf6 14. 0-0-0 Re8 15. Ng3 Nxd3+ 16. Qxd3 Nc4 17. Bd2 b5 18. Rhe1 Be6 19. Kb1 Qd7 20. b3 Nd6 21. Rc1 f5 22. gxf5 Nxf5 23. Qxb5 Bxd4 24. Qxd7 Bxd7 25. Nge2 Be5 26. f4 Bg7 27. Nxd5 Nh4 28. Nec3 Bf5+ 29. Kb2 Nf3 30. Ne7+ Rxe7 31. Rxe7 Nxd2 32. Rce1 Kf8 33. R1e2 Rc8 34. Rxg7 Nc4+ 35. bxc4 Kxg7 36. Re7+ Kh6 37. Kb3 Bd3 38. Rxa7 Rxc4 39. Rf7 Rd4 40. Kb2 Bc4 41. Rf6 Kg7 42. Rc6 Rxf4 43. a4 Bf1 44. Kb3 Rh4 45. a5 Rxh2 46. a6 Bxa6 47. Rxa6 g5 48. Ne4 g4 49. Kc3 h5 50. Kd3 Rh3+ 51. Ke2 Rf3 52. Rd6 h4 53. Rd5 Kh6 54. Rd6+ Kg7 1/2-1/2

[Event "GER-ch U16"]
[Site "Oberhof"]
[Date "2012.05.29"]
[Round "4"]
[White "Pixa, Richard"]
[Black "Imcke, Patrick"]
[Result "1-0"]
[WhiteElo "1982"]
[BlackElo "1906"]
[PlyCount "89"]
[EventDate "2012.05.27"]
[EventType "swiss"]
[EventRounds "9"]
[EventCountry "GER"]
[SourceTitle "CBM 148 Extra"]
[Source "ChessBase"]
[SourceDate "2012.06.22"]
[SourceVersion "1"]
[SourceVersionDate "2012.06.22"]
[SourceQuality "1"]

1. e4 e6 2. d4 d5 3. Nd2 Nf6 4. e5 Nfd7 5. Bd3 c5 6. c3 Nc6 7. Ne2 cxd4 8. cxd4 f6 9. Nf4 Nxd4 10. Qh5+ Ke7 11. Ng6+ hxg6 12. exf6+ Nxf6 13. Qxh8 Qa5 14. 0-0 Kf7 15. Nf3 Nxf3+ 16. gxf3 e5 17. Qh4 Bd6 18. Qg5 e4 19. Bxe4 Nxe4 20. fxe4 Qc7 21. Qg2 dxe4 22. Bg5 Bf5 23. Rac1 Qd7 24. Rfd1 Qe6 25. Rd2 Rh8 26. h4 Be5 27. Rcd1 Qc6 28. Qf1 Bg4 29. Rc1 Qe6 30. Qb5 Rb8 31. Rc5 a6 32. Qc4 Qxc4 33. Rxc4 Bf5 34. b3 Ke6 35. Kf1 Kf7 36. Ke2 Rc8 37. Rdc2 Rxc4 38. Rxc4 Ke6 39. Ke3 Kd5 40. Bf4 Bb2 41. Rc7 Bg4 42. Kd2 Bf6 43. Bg5 b6 44. Bxf6 gxf6 45. Rg7 1-0